000 00695nam a2200229 a 4500
999 _c3329
_d3329
001 3329
003 BD-JhCC
005 20171112193119.0
008 171112s2001 b ||||| |||| 00| 0 b d
020 _a9844652499
035 _a(BD-JhCC)
040 _aBD-JhCC
_dBD-JhCC
041 _aben
082 _a891.4409
_bASA 2001
100 _aআনিসুজ্জামান,
245 _aত্রৈলোক্যনাথ রচনাসংগ্রহ /
_cআনিসুজ্জামান
260 _aঢাকা :
_bসাহিত্য প্রকাশ,
_c২০০১
300 _a877 p. :
_c22cm.
650 _aCollection of Works
942 _2ddc
_cBK